000 00575nam a2200241 a 4500
001 nice12345678
003 IN_TiNIC
005 20260116012224.0
008 050524s1978 dela grp 000 0 eng
020 _a0706970
_c25
082 0 0 _a923.2
_bNAY
100 _aNayar, Kuldip
245 _aIn Jail
260 _aDelhi
_bVikas Pub House Pvt. Ltd.
_c1978
300 _a152p
500 _aincludes index and biblioraphy
505 2 _aappendix, index
650 _aKuldi Nayar
700 1 _aNayar, Kuldip
902 _bSRS
942 _cBK
999 _c6146
_d6146